[Event "Candidates FIDE sf1"]
[Site "Sanghi Nagar"]
[Date "1994.??.??"]
[Round "3"]
[White "Anand, Viswanathan"]
[Black "Kamsky, Gata"]
[Result "1-0"]
[WhiteElo "2720"]
[BlackElo "2695"]
[Annotator "Anand,V"]
[PlyCount "120"]
[EventDate "1994.07.??"]
[EventType "match"]
[EventRounds "8"]
[EventCountry "IND"]
[SourceTitle "CBM 042"]
[Source "ChessBase"]
[SourceDate "1994.10.01"]
[SourceVersion "1"]
[SourceVersionDate "1994.10.01"]
[SourceQuality "1"]

1. e4 {Ftacnik Blatny,P} e5 2. Nf3 Nc6 3. Bb5 a6 4. Ba4 Nf6 5. O-O Be7 6. Re1
b5 7. Bb3 O-O 8. c3 d5 9. exd5 Nxd5 10. Nxe5 Nxe5 11. Rxe5 c6 12. d4 Bd6 13.
Re1 Qh4 14. g3 Qh3 15. Be3 Re8 (15... Bg4 {Ftacnik}) 16. Bxd5 (16. a4 $2 {
Blatny,P} Nxe3 17. Rxe3 (17. Qf3 Bg4 $1 18. Bxf7+ (18. Qxf7+ Kh8 19. Rxe3 Rxe3
20. fxe3 Rf8 $19) 18... Kh8 19. Qxc6 (19. Qh1 Re7 $19) 19... Rec8 $19) 17...
Rxe3 18. fxe3 Bxg3 19. Bxf7+ $8 Kf8 20. Qd2 Bxh2+ 21. Qxh2 Qxe3+ 22. Kg2 Qe2+
23. Kg3 Qxh2+ 24. Kxh2 Kxf7 $19 {_|_}) (16. Qf3 {Blatny,P} Bg4 17. Qg2 Qh5 18.
Nd2 Bh3 19. Bd1 Qf5 20. Qf3 Qd3 21. Nb3 (21. Re2 Qg6 $13) 21... Re6 $44) 16...
cxd5 17. Qf3 (17. Qd3 $6 {Blatny,P} Ra7 18. Nd2 Rae7 19. a4 f5 $40) 17... Ra7
18. Nd2 (18. Qxd5 $4 {Blatny,P} Bb7 $19) 18... Rae7 19. a4 (19. Qg2 $2 {
Blatny,P} Qh5 20. a4 b4 21. c4 dxc4 22. Nxc4 Bb7 $17 {Tseshkovsky,V-Kuzmin,G/
USSR ch/1975/}) 19... bxa4 (19... b4 {Blatny,P} 20. c4 dxc4 21. Nxc4 Bb7 22. d5
Bc7 23. Red1 $16) 20. Rxa4 h5 21. Ra5 Bb7 (21... h4 $2 {Blatny,P} 22. Rxd5 hxg3
(22... Bb7 {Ftacnik} 23. Qf5 Qxf5 24. Rxf5 hxg3 25. hxg3 Bxg3 26. fxg3 Rxe3 27.
Rxe3 Rxe3 28. Kf2 $18) 23. hxg3 Bb7 24. Rh5 (24. Qf5 Qh8 $5) (24. Qh5 Qd7 25.
Rg5 f6 26. Rg6 Qc6 $132) 24... Qxg3+ (24... Qc8 25. d5) 25. fxg3 Bxf3 26. Nxf3
Rxe3 27. Rxe3 Rxe3 28. Kf2 $18 {_|_}) 22. Raa1 (22. Nf1 $1 $14) 22... Bc8 $1
$146 (22... h4 23. Qh5 (23. Qh5 {Blatny,P} Bc8 24. Nf3 hxg3 25. Qxh3 Bxh3 26.
hxg3 Bxg3 27. Rxa6 $14 (27. fxg3 Rxe3 28. Rxe3 Rxe3 29. Kf2 Re6 30. Ra5 {
Tseshkovsky,V-Ivanov,I/USSR/1976/} Rf6 $1 31. Ke3 Re6+ 32. Kd2 (32. Kf2 $10)
32... Bg2 $13))) 23. Ra5 $1 Bb7 24. Nf1 $1 $14 h4 (24... Re6 $5 {Blatny,P}) (
24... f5 $142 {Blatny,P} 25. Raa1 $140 f4 $1 26. Bd2 Rf8 $1 27. Rxe7 fxg3 28.
Qe3 $1 $8 Bxe7 29. Qxg3 Qd7 $44) 25. Raa1 Re4 26. Bd2 hxg3 27. hxg3 f5 (27...
R8e6 $142 {Blatny,P /\Rf6<=>}) (27... R8e6 $5 {Ftacnik}) 28. Qg2 $1 (28. Re3 $2
f4 $1 $17) (28. Qh1 Qxh1+ 29. Kxh1 Rxe1 30. Rxe1 Rxe1 31. Bxe1 a5 $44 {>< Kh1})
28... Qh5 29. f3 $1 (29. Rxe4 $2 dxe4 $5 (29... Rxe4) 30. Be3 Qe2 31. Nd2 f4 $1
32. gxf4 Bxf4 33. Bxf4 e3 $44) 29... Rxe1 30. Rxe1 Rxe1 31. Bxe1 Qe8 (31... f4
$142 {Blatny,P} 32. g4 (32. gxf4 Bxf4 $14 {P<,עg1;^^}) 32... Qg6 33. Qe2 $16)
32. Bd2 a5 33. Ne3 g6 $2 (33... Qe6 $14) (33... Qe6 {Ftacnik} 34. Qh3 g6 $16)
34. Qf2 a4 35. Ng2 a3 36. bxa3 Bxa3 37. Bf4 $16 {/\ Be5, Nf4 >< Kg8} Bc6 38.
Be5 Bf8 39. Nf4 g5 (39... Bb7 {Ftacnik} 40. Qh2 Bg7 41. Qb2 Bc6 42. Bxg7 Kxg7
43. Kf2 $16) 40. Ng2 $1 {>< Pf5} Qe6 41. Ne3 Kf7 42. Qc2 Bd7 (42... Kg6 43. g4
$1 $18) 43. Qh2 (43. Qb3 {Blatny,P} Bc6 44. Qb1 Bd7 45. Qb7 $18) 43... Qg6 (
43... Kg6 44. Qa2 (44. Qh8 {Blatny,P} Qf7 45. Nxd5 (45. Kf2 $16 {Ftacnik})
45... Bc6 (45... Qxd5 46. Qf6+ Kh5 47. Qxf8 Qxf3 48. Qf7+ Kg4 49. Qxd7 Qd1+ $10
) 46. g4 $18) (44. g4 fxg4 45. fxg4 Bh6 46. Nf5 Kh7 47. Kf2 Qb6 48. Kg3 $16)
44... Bc6 45. Qc2 $1 $18) 44. Qa2 Qe6 (44... Be6 {Blatny,P} 45. Nxd5 f4 46.
Qa7+ Kg8 47. Nf6+ $18) 45. Qxd5 Qxd5 46. Nxd5 Bc6 47. c4 Ke6 (47... Bxd5 48.
cxd5 g4 (48... Ke8 {Ftacnik} 49. Kf2 Kd7 50. Ke3 Bb4 51. g4 fxg4 52. fxg4 Be7
53. Ke4 $18) 49. fxg4 fxg4 50. Kf2 Kg6 51. Ke3 Kf5 52. d6 $18) 48. Nc7+ Kd7 49.
Kf2 Ba3 (49... Bd6 {Ftacnik} 50. Bxd6 Kxd6 51. Na6 $18) 50. Ke2 Bb2 51. Nb5 g4
(51... Bxb5 {Ftacnik} 52. cxb5 Ba3 53. Kd3 $18) 52. fxg4 fxg4 53. Kd3 Ba1 54.
Kc2 Be4+ 55. Kb3 Bd3 56. Nc3 (56. Na3 Be2 $1 57. Nc2 $2 Bd1) 56... Ke6 (56...
Bxc3 {Ftacnik} 57. Kxc3 Bf1 58. d5 Be2 59. Kd4 Bf1 60. c5 $18) 57. Nd5 Kf5 58.
Nb4 Be2 59. c5 Bd1+ 60. Kc4 Ke6 $18 (60... Be2+ 61. Kd5 Bf3+ (61... Bc3 {
Ftacnik} 62. Nc2 $18) 62. Kd6 Ke4 63. c6 Bxd4 64. Bxd4 Kxd4 65. c7 Bb7 66. Nc6+
Ke4 67. Kd7 Kf3 68. Na5 Ba6 69. Nb3 $1 $18) (60... Ke6 {Ftacnik} 61. c6 Bf3 62.
Bf4 $18) 1-0

[Event "Candidates FIDE sf1"]
[Site "Sanghi Nagar"]
[Date "1994.??.??"]
[Round "5"]
[White "Anand, Viswanathan"]
[Black "Kamsky, Gata"]
[Result "1/2-1/2"]
[WhiteElo "2720"]
[BlackElo "2695"]
[Annotator "Anand,V"]
[PlyCount "107"]
[EventDate "1994.07.??"]
[EventType "match"]
[EventRounds "8"]
[EventCountry "IND"]
[SourceTitle "CBM 042"]
[Source "ChessBase"]
[SourceDate "1994.10.01"]
[SourceVersion "1"]
[SourceVersionDate "1994.10.01"]
[SourceQuality "1"]

1. e4 {Ftacnik Hansen,LB} e5 2. Nf3 Nc6 3. Bb5 a6 4. Ba4 Nf6 5. O-O Be7 6. Re1
b5 7. Bb3 d6 8. c3 O-O 9. h3 Bb7 10. d4 Re8 11. Nbd2 Bf8 12. Bc2 g6 13. d5 Nb8
14. b3 c6 15. c4 a5 (15... Qc7 {Hansen,LB} 16. Nf1 Nbd7 17. Be3 Nc5 18. Ng3 a5
$13 {Magem Badals,J-Karpov,A/Dos Hermanas/1993/}) (15... Bh6 $5 {Hansen,LB} 16.
a4 b4 17. dxc6 Nxc6 18. Nf1 Bxc1 19. Rxc1 Qe7 20. Qd2 a5 21. Ne3 Nb8 $10 {Hazai
}) 16. dxc6 (16. Nh2 {Hansen,LB} Nbd7 17. Nhf1 Nc5 18. Ne3 Bg7 19. Bb2 b4 20.
a4 Nh5 21. g3 Bc8 22. h4 Bh3 {1/2-1/2/Georgiev,Kr/Ibragimov,I/Hania op/1993/})
(16. Nf1 {Hansen,LB} Nbd7 17. Bg5 Be7 18. Be3 Qc7 19. Rc1 Rec8 20. Bd3 $14 {
Karpov,A-Beliavsky,A/SU-ch/1983/}) 16... Bxc6 17. cxb5 Bxb5 18. Nc4 Na6 19. Bg5
Nb4 20. Ne3 $5 (20. Bb1 {Hansen,LB} Bxc4 21. bxc4 h6 22. Be3 Qc7 23. a3 Na6 24.
Nd2 Nc5 $10 {Ljubojevic,L-Karpov,A/Linares/1991,and Ljubojevic,L-Karpov,A/
Amsterdam/1991!} (24... Nc5 {Ftacnik} 25. Bc2 Reb8 26. Rb1 Qc6 27. Rxb8 (27.
Qf3 Bg7 28. Rec1 Nfd7 29. Qd1 {Ljubojevic,L-Karpov,An/Amsterdam/1991/}) 27...
Rxb8 28. Qa1 {Ljubojevic,L-Karpov,An/Linares/1991/})) 20... Be7 21. Bxf6 Bxf6
22. a3 (22. Bb1 $2 {Hansen,LB} d5 $1 23. a3 (23. exd5 $2 e4 24. Nd4 Qb6 $19) (
23. Nxd5 Nxd5 24. exd5 e4 25. Bxe4 (25. Nd4 $2 Qxd5 $19) 25... Bxa1 26. Qxa1 f5
$17) 23... d4 $17) 22... Nxc2 23. Qxc2 Bg7 (23... Re7 $5 {Hansen,LB} 24. Rad1
Rd7 25. Nd5 Bg7 26. a4 Ba6 27. Nd2 Rc8 28. Nc4 Rc5 $10 {Magem Badals,J-Karpov,
A/Madrid/1992/}) 24. Rad1 (24. a4 Rc8) 24... Qb8 (24... Re7 $5 {Hansen,LB}) 25.
a4 Rc8 26. Qb1 Ba6 27. Nd2 (27. Nd5 {Ftacnik} Qb7 28. Nd2 f5 $1 $132) 27... Rc3
$2 (27... h5) (27... Bh6 $5 {Hansen,LB} 28. Ndc4 $1 (28. Nd5 Qb7) 28... Bxe3
29. Nxe3 Rc3 30. Nd5 Rxb3 31. Qc1 $36 {X Kg8}) 28. Nd5 (28. Qb2 {Ftacnik} Rc5)
28... Bd3 29. Qa1 (29. Qb2 {Ftacnik} Rc2 30. Qa3 Bh6 $36) 29... Rc2 30. Re3 $1
$16 (30. Ne3 {Hansen,LB} Bh6 $1) 30... Ba6 31. Rc3 Rxc3 32. Qxc3 Bh6 (32... Qb7
$142 {Hansen,LB} 33. Nc4 Bxc4 34. Qxc4 Rb8 $16 (34... Rb8 {Ftacnik} 35. Rd3 $14
)) 33. Nc4 (33. Qxa5 $2 {Ftacnik} Be2 $19) 33... Bxc4 34. Qxc4 (34. bxc4 $5 {
Hansen,LB}) 34... Bg5 (34... Qb7 $5 {Hansen,LB} 35. Nf6+ $140 (35. Rd3 Bg5)
35... Kg7 36. Rxd6 Rc8) 35. Rd3 $2 (35. Nc7 $1 Ra7 36. Nb5 Rd7 (36... Ra6 37.
Qd5 Be7 38. Rc1 $18) 37. Qc6 $18) (35. Rb1 {Ftacnik} Qd8 36. b4 axb4 37. Qxb4
Ra5 $14) 35... Qb7 $1 $14 (35... Qc8 $2 {Ftacnik} 36. Nb6 Qxc4 37. Nxc4 Be7 38.
Rd5 $16) 36. Rc3 Rb8 37. Qd3 Kg7 38. g3 (38. b4 axb4 39. Rc7 Qa8 40. Qf3 Rf8
$13) 38... Bd8 39. Qf3 Qd7 (39... Rc8 {Ftacnik} 40. Rxc8 Qxc8 41. Kg2 $14) 40.
Kg2 h5 41. Rc4 Qb7 42. Rc3 (42. b4 axb4 43. Rxb4 Qxb4 $1 (43... Qa8 {Ftacnik}
44. Rxb8 Qxb8 45. Qc3 Qb1 46. Qb4 Qd3 47. a5 f5 $132) 44. Nxb4 Rxb4 $10) 42...
Qd7 43. Qe2 Bb6 44. Qd2 (44. Nxb6 {Ftacnik} Rxb6 $10) 44... Bd8 $1 (44... Bc5
45. Qg5 $1 Qd8 46. Ne7 $1 $40 Kf8 $2 47. Nxg6+ fxg6 48. Qxg6 $18) 45. Qc2 Qb7
46. Qd3 Bb6 47. Qf3 Bd8 48. g4 hxg4 49. hxg4 Rc8 50. Qe3 Rxc3 51. Qxc3 Qa6 52.
Qc2 (52. b4 {Ftacnik} axb4 53. Qxb4 Qe2 54. Kg3 Bh4+ 55. Kxh4 Qxf2+ 56. Kh3
Qf3+ $10) 52... Qa7 53. Qd2 Qb7 54. Qd3 1/2-1/2

[Event "Candidates FIDE sf1"]
[Site "Sanghi Nagar"]
[Date "1994.??.??"]
[Round "6"]
[White "Kamsky, Gata"]
[Black "Anand, Viswanathan"]
[Result "1-0"]
[WhiteElo "2695"]
[BlackElo "2720"]
[Annotator "Boensch,U"]
[PlyCount "89"]
[EventDate "1994.07.??"]
[EventType "match"]
[EventRounds "8"]
[EventCountry "IND"]
[SourceTitle "CBM 042"]
[Source "ChessBase"]
[SourceDate "1994.10.01"]
[SourceVersion "1"]
[SourceVersionDate "1994.10.01"]
[SourceQuality "1"]

1. e4 c5 2. Nf3 Nc6 3. d4 cxd4 4. Nxd4 g6 5. Nc3 Bg7 6. Be3 Nf6 7. Bc4 Qa5 8.
O-O O-O 9. Bb3 d6 10. h3 Bd7 11. f4 Rac8 (11... Qh5 12. Qxh5 (12. Nf3 b5 13. a3
a5 14. Qd3 a4 15. Bd5 e6 16. Bxc6 Bxc6 17. Nd4 Bb7 18. f5 $16 {Garcia,
Gi-Zamora,J/New York op (04)/1994/1-0 (25)}) (12. Qd3 b5 13. a3 $1 $14 {-ECO})
12... Nxh5 13. Rad1 Rac8 14. Kh2 b6 15. g3 Na5 16. Nde2 Bc6 $10 {Peterson,
E-Troyke,C/GER-chJ U20/1991/0-1 (23)}) (11... Nxd4 12. Bxd4 Bc6 13. Qd3 (13.
Nd5 Bxd5 14. exd5 $10) 13... Rad8 14. Nd5 (14. Rad1 Nd7 15. Bxg7 Kxg7 16. Kh1
Nc5 $13 {-ECO}) 14... Nxd5 15. exd5 Bb5 16. c4 Bd7 17. Bxg7 Kxg7 18. Rae1 $14 {
Tiviakov,S-Delebarre,X/Paris-ch (4)/1991/1-0 (55)}) 12. Qf3 (12. Nf3 Qh5 (12...
Rcd8 13. Qe1 Bc8 14. Rd1 e6 15. Qh4 Qh5 16. g4 Qxh4 17. Nxh4 $14 {-ECO}) 13.
Qd3 b5 14. a3 b4 15. axb4 Nxb4 16. Qd2 Nc6 17. Bc4 Na5 18. Be2 Nc4 19. Bxc4
Rxc4 20. Rxa7 $16 {Garcia,G-Oblitas,C/Capablanca mem-B (11)/1992/1-0 (38)})
12... Qh5 13. Nxc6 $1 $146 (13. Qf2 b5 14. Ndxb5 Nxe4 15. Nxe4 Qxb5 $10) (13.
Rad1 Na5 14. g4 Nxg4 $13) 13... Bxc6 14. g4 $1 $14 (14. Bxa7 Qxf3 15. gxf3 Nh5
$44) 14... Qa5 15. Rad1 b5 16. g5 Nd7 17. f5 Bxc3 (17... Ne5 $2 18. Qf2 $16)
18. bxc3 Ne5 (18... Qxc3 $4 19. fxg6 hxg6 20. Bxf7+ $18) 19. Qf4 Nc4 20. Bd4 e5
$2 (20... Qc7 $14) 21. fxe6 fxe6 22. Bf6 $1 $16 Qc7 23. Bxc4 bxc4 24. Rxd6 Bxe4
25. Rxe6 Qxf4 26. Rxf4 Bf5 $2 (26... Bxc2 $16) 27. Ra6 $18 Rf7 28. h4 Bxc2 29.
Rd4 Bf5 30. a4 Rb7 31. Kf2 Re8 32. Kf3 Kf7 33. Rc6 Bd3 34. a5 Re6 35. a6 $1
Rbe7 (35... Rxc6 36. axb7 Rb6 37. Rd7+ Ke6 38. Rxh7 {/\ Bd4-a7} Kf5 39. Re7 $18
) 36. Rxe6 Rxe6 37. Rd7+ Ke8 38. Rd8+ Kf7 39. Rd7+ Ke8 40. Rxa7 Be4+ (40... h5
41. Re7+ $18) 41. Ke3 Bb7+ 42. Kd4 Bxa6 43. Kd5 Rb6 44. Kc5 Re6 45. Rxh7 (45.
Rxh7 Re4 (45... Kf8 46. Rh8+ Kf7 47. Ra8 $22 Bb7 48. Ra7 Rc6+ 49. Kb5 Rc7 50.
Kb6 $18) 46. h5 gxh5 47. g6 Rg4 48. Re7+ Kf8 49. g7+ Kg8 50. Re8+ Kf7 51. Rf8+
Ke6 52. Bd4 $18) 1-0

[Event "Candidates FIDE sf1"]
[Site "Sanghi Nagar"]
[Date "1994.??.??"]
[Round "7"]
[White "Anand, Viswanathan"]
[Black "Kamsky, Gata"]
[Result "0-1"]
[WhiteElo "2715"]
[BlackElo "2695"]
[Annotator "Ftacnik,L"]
[PlyCount "134"]
[EventDate "1994.07.??"]
[EventType "match"]
[EventRounds "8"]
[EventCountry "IND"]
[SourceTitle "CBM 042"]
[Source "ChessBase"]
[SourceDate "1994.10.01"]
[SourceVersion "1"]
[SourceVersionDate "1994.10.01"]
[SourceQuality "1"]

1. e4 e5 2. Nf3 Nc6 3. Bb5 a6 4. Ba4 Nf6 5. O-O b5 6. Bb3 Bb7 7. d3 Bc5 8. a4
O-O (8... d6 9. Nc3 b4 10. Nd5 Na5 11. Nxf6+ Qxf6 12. Ba2 Bc8 13. Bg5 Qg6 14.
Be3 Bg4 15. Bxc5 Bxf3 16. Qxf3 dxc5 17. Qe3 Qd6 18. f4 O-O 19. fxe5 Qxe5 20.
Rab1 Rae8 21. Rf3 c4 22. dxc4 c5 23. Qf2 g6 24. Rf1 Re7 25. Rf6 $13 {Adams,
M-Lin Weiguo/Adelaide-WchJ (6)/1988/0-1 (66)}) 9. Bg5 (9. Nc3 b4 10. Nd5 Na5
11. Bg5 Nxb3 12. Bxf6 gxf6 13. cxb3 Bxd5 14. exd5 Kh8 15. d4 Bd6 16. Re1 Rg8
17. dxe5 fxe5 18. Nxe5 Qf6 19. Qd4 Rg7 20. Nf3 Qxd4 21. Nxd4 Rg5 22. Rad1 Rxd5
23. Nc2 Rxd1 24. Rxd1 Rd8 25. Kf1 $10 {Brodskij,M-Sivokho,S/St.Petersburg op/
1993/0.5 (70)}) 9... h6 10. Bh4 g5 (10... b4 11. Nbd2 d6 12. Nc4 Qd7 13. Bxf6
gxf6 14. Ne3 Kh7 15. Nd5 Qd8 16. c3 bxc3 17. bxc3 Nb8 18. Nh4 Rg8 19. Qh5 Nd7
20. Qxf7+ Rg7 21. Qe6 c6 22. Ne3 Nf8 23. Qf5+ Kh8 24. Qh5 d5 25. Nef5 $18 {
Sznapik,A-Cao,S/Manila olm/1992/1-0 (41)}) 11. Bg3 (11. Nxg5 hxg5 12. Bxg5 Be7
$17) 11... d6 12. Nc3 (12. axb5 axb5 13. Rxa8 Bxa8 14. Nc3 b4 15. Nd5 Na5 16.
Nxf6+ Qxf6 17. Ba2 b3 18. Bxb3 Nxb3 19. cxb3 Qe6 20. h4 f5 $13) 12... b4 13.
Nd5 Na5 $1 14. Nxf6+ (14. Ba2 b3) 14... Qxf6 15. Ba2 (15. Bd5 Bxd5 16. exd5 Qg6
17. c3 bxc3 18. bxc3 f5 19. d4 exd4 20. cxd4 Bb6 21. h3 Qf7 $17) 15... b3 $1
16. Bxb3 (16. cxb3 Nc6 {xBa2}) 16... Nxb3 17. cxb3 Qe6 $1 (17... h5 18. Rc1 Bb6
19. h4 g4 20. Nd2 $13 {/\ Nc4}) 18. Rc1 f5 19. exf5 (19. Bxe5 $2 fxe4 20. dxe4
Rxf3 21. Qxf3 Qxe5 $19) 19... Qd5 $3 (19... Rxf5 20. Nd2) 20. d4 (20. b4 Bxb4
21. Rxc7 Rxf5 22. d4 e4 23. Ne1 e3 24. Qh5 Rf6 25. fxe3 Bxe1 26. Rxb7 Rxf1+ 27.
Kxf1 Qxb7 $17) 20... Bxd4 (20... exd4 21. b4 Bxb4 22. Qxd4 Bc5 23. Qxd5+ Bxd5
24. b4 Bxb4 25. Rxc7 $13) 21. Rxc7 Rf7 (21... Rxf5 22. Rxb7 $5 Qxb7 23. Nxd4
exd4 24. Qxd4 $44) 22. Qc2 (22. Rxf7 Kxf7 23. Nxg5+ (23. Ne1 $4 Bxf2+) 23...
hxg5 24. Qh5+ Kf8 25. Qh8+ Ke7 26. Qg7+ Ke8 27. Qh8+ Kd7 28. Qg7+ Kc8 $19)
22... Rxc7 23. Qxc7 Rf8 (23... Rc8 24. Qe7) 24. Qc2 (24. Qd7 Bxb2 25. Qe6+ Qxe6
26. fxe6 Re8 $17) 24... Bc5 25. Re1 (25. Rd1 Qe4 26. Qc4+ Qxc4 27. bxc4 Bxf3 (
27... Rxf5 28. Ne1 h5 29. Nd3 Ba7 30. h4 $15) 28. gxf3 Rb8 29. Rb1 Rb3 $17)
25... Bb4 (25... e4 26. Rd1 Qxf5 27. Nd4) 26. Rd1 (26. Re2 Rc8 27. Qb1 Qxb3 $17
) 26... Qe4 27. Qxe4 (27. Qc4+ Kg7 (27... Qxc4 28. bxc4 Rxf5 29. Ne1 $15))
27... Bxe4 28. Ne1 (28. Nd2 Bxf5 $17) 28... Bxf5 29. f3 $6 (29. Nd3 Bxd3 30.
Rxd3 Rc8 31. h4 Rc2 32. hxg5 hxg5 33. Kh2 Rxb2 34. Kh3 Kf7 35. Kg4 Kg6 36. Rf3
Rd2 37. Rf8 Rd4+ 38. Kh3 a5 $17) 29... Rc8 30. h4 (30. Nd3 Bxd3 31. Rxd3 Rc1+
32. Kf2 Bc5+ 33. Ke2 Rg1 $17) 30... Be6 31. Nd3 (31. Rd3 Rc1 32. Kf1 Bf5 33.
Rd5 Bc2 $17) 31... Bxb3 32. Ra1 (32. Rc1 Rxc1+ 33. Nxc1 Bc5+ 34. Kf1 Bxa4 $19)
32... Bd2 33. hxg5 hxg5 34. Ra3 Bc2 35. Be1 (35. Kf2 Bxd3 36. Rxd3 Rc2 37. Kg1
Bb4 38. b3 Kf7 $17) 35... Be3+ 36. Bf2 Bd2 37. Be1 Bxe1 38. Nxe1 Bf5 $17 39.
Rb3 (39. b4 Rc1 40. Kf2 Rb1 41. Nd3 Kf7 $17) 39... Kf7 40. Rb6 Ke6 41. a5 (41.
Rxa6 Rb8 42. g4 Bg6 43. Kf2 Rxb2+ 44. Ke3 Ra2 $17) 41... Rc1 42. Kf2 Rb1 43. g4
Bg6 44. Ng2 (44. Ke2 Be8 45. Kd2 Bb5 $17) 44... Bd3 45. Ne3 Bb5 46. Nf5 Rxb2+
47. Ke1 (47. Ke3 $4 Re2#) 47... Kd5 (47... Re2+ 48. Kd1 Rf2 49. Rxd6+ Kf7 50.
Rd5 Rxf3 51. Rxe5 $15) 48. Rxd6+ (48. Nxd6 Kd4 49. Nxb5+ axb5 50. a6 (50. Kd1
$1 $10) 50... Ke3 51. Kd1 Kxf3 52. a7 Ra2 53. Rxb5 Rxa7 54. Rxe5 Kxg4 55. Ke2
Rf7 56. Rd5 Kh4 $19) 48... Kc5 49. Rg6 (49. Re6 Re2+ 50. Kd1 Bd3 51. Re7 Kb4
52. Nd4 Ra2 53. Nc6+ Kc3 54. Ke1 e4 55. fxe4 Re2+ 56. Kf1 Rxe4+ 57. Kf2 Rxg4
$17) 49... Re2+ 50. Kd1 Rf2 51. Rxg5 Rxf3 52. Rg8 (52. Nh4 Rd3+ 53. Kc2 Kd4 $17
) (52. Rg7 $1 e4 53. Re7 $10) 52... e4 53. Kd2 (53. Rc8+ Kb4 54. Kd2 Rd3+ 55.
Ke1 e3 $19) 53... Rd3+ 54. Ke1 e3 55. Rc8+ Kb4 56. Rc2 (56. g5 e2 57. Rc1 Rf3
58. Rb1+ Kxa5 $19) 56... Rb3 57. Rc1 Rb2 58. Nd4 (58. Nxe3 Re2+ $19) 58... Rg2
59. Nc6+ (59. Nxb5 Rg1+ 60. Ke2 Rxc1 $19) 59... Kb3 60. Nd4+ Kb4 (60... Kb2 61.
Nxb5 Kxc1 62. Nc7) 61. Nc6+ Ka4 62. Ra1+ Kb3 63. Nd4+ (63. Rb1+ Kc4 64. Ne5+
Kc5 65. Nf3 Rf2 $19) 63... Kc4 64. Nxb5 Rg1+ 65. Ke2 Rxa1 66. Nc7 Rxa5 67. Kxe3
Ra1 (67... Ra1 68. g5 a5 69. Kf2 Rd1 70. Ne6 a4 71. g6 Rd7 $19) 0-1

[Event "Candidates FIDE sf1 playoff rapid"]
[Site "Sanghi Nagar"]
[Date "1994.??.??"]
[Round "9"]
[White "Anand, Viswanathan"]
[Black "Kamsky, Gata"]
[Result "0-1"]
[WhiteElo "2720"]
[BlackElo "2695"]
[Annotator "Ftacnik,L"]
[PlyCount "150"]
[EventDate "1994.07.??"]
[EventType "match (rapid)"]
[EventRounds "2"]
[EventCountry "IND"]
[SourceTitle "CBM 042"]
[Source "ChessBase"]
[SourceDate "1994.10.01"]
[SourceVersion "1"]
[SourceVersionDate "1994.10.01"]
[SourceQuality "1"]

1. e4 d5 2. exd5 Nf6 3. d4 Nxd5 4. Nf3 Bg4 5. Be2 Nc6 6. c4 Nb6 7. d5 Bxf3 8.
gxf3 (8. Bxf3 Ne5 9. Be2 c6 (9... e6 10. Nc3 Bb4 11. Qd4 Qf6 12. Qe4 exd5 13.
cxd5 Bxc3+ 14. bxc3 O-O 15. O-O Rfe8 16. Rd1 Rad8 17. Rb1 Nec4 18. Qc2 Qe5 19.
Bd3 g6 20. Qb3 Rxd5 21. g3 Rxd3 22. Rxd3 Qe1+ 23. Kg2 Qe4+ 24. Rf3 $19 {
Zaninotto,F-Zappe,B/Ticino op (1)/1993/0-1 (25)}) 10. Qd4 Ng6 11. Nc3 e5 12.
Qe4 cxd5 13. cxd5 Bd6 14. Bb5+ Nd7 15. O-O (15. Qa4 a6 16. Ne4 Be7 17. Be2 b5
18. Qb3 Nf6 19. Nxf6+ Bxf6 20. a4 O-O 21. axb5 axb5 22. Rxa8 Qxa8 23. O-O Ne7
24. Bxb5 $10 {Rachels,S-Dzindzichashvili,R/Manila izt/1990/0.5 (27)}) 15... O-O
16. Qf5 Nc5 17. b4 Na6 18. a3 Ne7 19. Qh3 Nc7 20. Bd3 f5 21. Bg5 e4 22. Bc4 h6
23. Bd2 Ng6 24. f3 $17 {Hellers,F-Dzindzichashvili,R/New York op/1987/0-1 (28)}
) 8... Ne5 9. f4 Ned7 10. Nc3 (10. b3 e6 11. dxe6 Bb4+ 12. Bd2 Bxd2+ 13. Qxd2
fxe6 14. Bh5+ g6 15. Bf3 Qf6 16. Qc3 O-O-O 17. Qxf6 Nxf6 18. Ke2 e5 19. fxe5
Rhe8 20. Rd1 Nbd7 21. Nc3 Nxe5 22. Rxd8+ Rxd8 23. Ne4 Rf8 24. Nxf6 $10 {
Polgar,J-Dzindzichashvili,R/New York op/1989/0.5 (44)}) (10. f5 g6 11. Be3 Nf6
12. Nc3 Bg7 13. Bf3 Qd7 14. Qd3 Qxf5 15. Qxf5 gxf5 16. Rg1 Rg8 17. c5 Nbd7 18.
d6 c6 19. O-O-O O-O-O 20. dxe7 Rde8 21. Ne2 Rxe7 22. Nd4 Re5 23. b4 Nd5 24.
Bxd5 $13 {Svidler,P-Gipslis,A/Gausdal Peer Gynt/1992/1-0 (41)}) 10... c6 (10...
Nf6 11. Be3 c6 12. O-O g6 13. a4 Nbd7 14. a5 c5 15. Qa4 Qc8 16. a6 b6 17. Qc6
Bg7 18. Qxc8+ Rxc8 19. Nb5 Ne4 20. Nxa7 Ra8 21. Nb5 O-O 22. Ra2 Nd6 23. Rb1
Rfc8 24. b4 $16 {Gallego,R-Haas,G/Manila olm/1992/1-0 (36)}) 11. dxc6 (11. Be3
cxd5 12. cxd5 g6 $13) 11... bxc6 12. Be3 e6 13. Qc2 Nf6 (13... Bc5 $6 14. O-O-O
$14) 14. Bd3 Qc7 15. O-O-O Be7 (15... Ng4 16. Ne4 $36) 16. Ne4 (16. Rhg1 O-O
17. Ne4 h6 $14) 16... Nxe4 17. Bxe4 f5 $5 (17... g6 18. h4 Rb8 19. h5 $40) 18.
Bg2 O-O 19. Rd3 Rab8 (19... Rad8 20. Rhd1 Rxd3 21. Rxd3 Rd8 22. Rxd8+ Bxd8 23.
b3 $14) 20. Rhd1 c5 21. h3 Rfd8 22. b3 Nd7 23. Qb2 Nf8 (23... Bf6 24. Qa3 e5 $2
25. Bd5+ Kh8 26. Be6 $16) 24. Qe5 (24. Qa3 Rxd3 25. Rxd3 Ng6 {xf4}) 24... Rdc8
(24... Qxe5 $6 25. fxe5 Rxd3 26. Rxd3 g5 27. Bd2 $14) 25. Qxc7 Rxc7 26. Kc2 Kf7
27. a4 a5 (27... h6 28. a5 g5 29. Bf3 $14) 28. Bd2 Ra7 29. Bc6 Rc8 30. Bb5 Rcc7
31. Be3 h6 32. Rg1 Ng6 33. Kd2 $6 (33. Be8+ Kxe8 34. Rxg6 Kf7 35. Rg1 Rd7 $10)
(33. Rgd1 $1 $13) 33... e5 $1 34. Be8+ $2 (34. Rd5 Nh4 35. Ke2 e4 36. Rgd1 g5
$132) 34... Kxe8 35. Rxg6 Kf7 36. Rb6 (36. Rg1 g5 37. fxg5 f4 38. gxh6 fxe3+
39. fxe3 Bf6 $17) 36... g5 $1 37. Ke2 (37. fxg5 f4 38. gxh6 fxe3+ 39. fxe3 Rcb7
40. h7 Kg7 41. Re6 Kxh7 42. Rxe5 $17) 37... gxf4 38. Bd2 Rcb7 $1 39. Rb5 (39.
Rxb7 Rxb7 40. Bxa5 e4 41. Rd5 Ke6 42. Bd2 f3+ 43. Kd1 Rxb3 $19) 39... Ke6 40.
Rc3 Bd6 41. Rc1 (41. f3 e4 $19) 41... e4 42. Rg1 f3+ 43. Ke1 (43. Ke3 Be5 44.
Rg6+ Kf7 45. Rxh6 Rd7 $19) 43... Rg7 44. Rf1 f4 45. Kd1 (45. Bxa5 Rg2 46. Bc3
e3 47. fxe3 Rc2 $19) 45... Rg2 46. Rb6 (46. Bxa5 Rd7 47. Kc1 e3 48. fxe3 f2 49.
Kd2 f3 50. Kc2 Bg3 51. Rb6+ Kf5 52. Bc3 Rf7 $19) 46... Rf7 47. Re1 (47. Bxa5 e3
48. fxe3 fxe3 $19) 47... e3 $1 48. fxe3 (48. Bxe3 fxe3 49. Rxe3+ Kd7 $19) 48...
f2 49. Rf1 f3 50. Kc2 Kd7 51. Rb7+ Ke8 52. Rxf7 Kxf7 53. e4 Bg3 54. Be3 Rg1 $1
55. Rxg1 (55. Rxf2 Bxf2 56. Bxf2 Rg2 $19) 55... fxg1=Q 56. Bxg1 f2 57. Bxf2
Bxf2 $19 58. Kd3 Ke6 59. Ke2 Bd4 60. Kf3 Ke5 61. Kg4 (61. h4 h5 $19) 61... Kxe4
62. Kh5 Be3 63. Kg6 Kd3 64. Kf5 Kc3 65. Ke4 Bd4 66. Kd5 Kxb3 67. h4 Kxa4 68. h5
Kb4 69. Kc6 a4 70. Kd6 a3 71. Ke6 a2 72. Kf5 Kxc4 73. Kg6 a1=Q 74. Kxh6 Qg1 75.
Kh7 Qg7# 0-1